000 00394nam a2200157Ia 4500
008 230917s9999||||xx |||||||||||||| ||und||
020 _cRS50
040 _e11288
_aMAIN
041 _aEnglish
082 _a301.4443 A37R
100 _aAziz, Abdul
245 0 _aRural poor: Problems and prospectus
260 _aNew Delhi
_bAshish Publishing House
_c1983
300 _avii, 92 p.
942 _cBK
999 _c43748
_d43748